=LDR 00000nam 2200000 4500 =001 INLIS000000000037170 =005 20130612142919 =008 ***********************************Ind** =035 ##$$0010-061300000037170 =041 ##$$a Ind =082 ##$$a 813.01 =090 ##$$a 813.01, Can c =100 ##$$a Canfield, Jack =245 ##$$a Chicken soup for the soul, hadiah unbtuk ibu, Jack Canfield, Mark Victor Hansen ; alihy bahasa, MMR Ambarastuti =260 ##$$a 2011 $b Jakarta =300 ##$$a 173 hlm, 17 cm =650 ##$$a Fiksi Indonesia-Cerita pendek =850 ##$$a NBPNMAT